000 00960nam a22003017a 4500
001 BR7400426
003 BR-BrBNA
005 20230928084514.0
007 ta
008 230509b bl.||||| |||| 00| 0 por d
040 _aBR-BrBNA
_bpor
_cBiblioteca Nacional de Agricultura
041 _a(Por)
072 _aE70; E71; J11
_b0150
090 _ 0150 BR7400426
110 1 _aGrupo Executivo de Irrigacao para o Desenvolvimento Agricola, Rio de Janeiro, GB (Brasil);
_95484
110 1 _aFundacao Centro Tropical de Pesquisas e Tecnologia de Alimentos, Campinas, SP (Brasil)
_94820
245 1 _aContribuicao ao desenvolvimento da agroindustria. V. 8 arroz
260 3 _aRio de Janeiro, GB (Brasil):
_c[nd].
300 _a165 p.
500 _aPublished 1972?
650 _aARROZ
650 _aCOMERCIALIZACAO
650 _aTRANSPORTE
650 _aECONOMIA DA PRODUCAO
650 _aMERCADO
909 _a202309
_bLucia
_c55
_dLucia Elande
942 _cBK
999 _c19416
_d19416